Normal view MARC view

Entry Personal Name

Number of records used in: 0

001 - CONTROL NUMBER

  • control field: 1115118

003 - CONTROL NUMBER IDENTIFIER

  • control field: OSt

005 - DATE AND TIME OF LATEST TRANSACTION

  • control field: 20260211120007.0

008 - FIXED-LENGTH DATA ELEMENTS

  • fixed length control field: 260211|| aca||aabn | a|a d

040 ## - CATALOGING SOURCE

  • Original cataloging agency: OSt
  • Transcribing agency: OSt

100 ## - HEADING--PERSONAL NAME

  • Personal name: Qamar Jahan

670 ## - SOURCE DATA FOUND

  • Source citation: Work cat.: (OSt)1679251: Qamar Jahan, Intekhab fasana-e-ajaib, 2018
Copyright @ Delhi University Library System